[Event "GER HS-114 email"]
[Site "GER email"]
[Date "2011.12.11"]
[Round "?"]
[White "Holec, Michael"]
[Black "Borner, Steffen"]
[Result "1/2-1/2"]
[WhiteElo "2048"]
[BlackElo "2077"]
[PlyCount "127"]
[EventDate "2011.12.16"]
[EventType "tourn (corr)"]
[EventRounds "6"]
[EventCountry "GER"]
[SourceTitle "Corr 2015"]
[Source "ChessBase"]
[SourceDate "2015.07.17"]
[SourceVersion "1"]
[SourceVersionDate "2015.07.17"]
[SourceQuality "1"]

1. e4 c5 2. Nf3 d6 3. d4 Nf6 4. Nc3 cxd4 5. Nxd4 a6 6. Be3 e6 7. f3 b5 8. Qd2 Nbd7 9. g4 Nb6 10. a4 Nc4 11. Bxc4 bxc4 12. g5 Nd7 13. f4 Qc7 14. 0-0 Be7 15. b4 cxb3 16. cxb3 Qb7 17. b4 h6 18. g6 0-0 19. f5 exf5 20. Nxf5 Ne5 21. Nd5 Bxf5 22. exf5 Rab8 23. Rac1 Bd8 24. Qg2 fxg6 25. fxg6 Re8 26. h4 Qd7 27. Bd4 Kh8 28. Rf4 Qe6 29. Rcf1 Rg8 30. h5 Bg5 31. Rf5 Qe8 32. Nb6 Rd8 33. Qe4 Qe7 34. Bxe5 dxe5 35. Rxe5 Qa7 36. a5 Qb8 37. Nd5 Rgf8 38. Kg2 Rxf1 39. Kxf1 Qc8 40. Kg1 Rf8 41. Kh2 Rf2+ 42. Kg3 Rf8 43. Qe2 Qc6 44. Kh3 Be7 45. Rxe7 Qxd5 46. Rf7 Rc8 47. Qf3 Qe6+ 48. Rf5 Rf8 49. Kg4 Rg8 50. Qd5 Qe1 51. Rf4 Rc8 52. Qd3 Qg1+ 53. Qg3 Qd1+ 54. Qf3 Qd6 55. Qe2 Qd5 56. Kg3 Qd6 57. Qe3 Qd1 58. Rf6 Qxh5 59. Rxa6 Rf8 60. Rb6 Qd5 61. Re6 Qf5 62. Rd6 h5 63. Kh2 Qc2+ 64. Rd2 1/2-1/2